00924nam a2200229 a 4500001001000000003000500010005001700015008004100032010001100073011001100084040000900095100003900104245014500143260004100288500006000329502011200389650003200501650002700533650004800560856001600608856007000624000114708CHAP20220329144454.0180322s2018 mx a fsm |||||||spa d a111169 a112141 cCHAP1 aCano Villegas, Teresita de Jesús10aTipología de hogares agrícolas del Municipio de Tierra Blanca Veracruz, México /h[En línea]cpor Teresita de Jesús Cano Villegas. aChapingo, Méx. :bEl autor,c2018. aPara ver el contenido del material haga clic en la liga aTesis (Maestra en Gestión del Desarrollo Rural) -- UACH. Dirección de Centros Regionales Universitarios14aAgricultura de subsistencia14aAgriculturazVeracruz.14aDesarrollo de la comunidad ruralxVeracruz. a1 n0001253 aFinding aiduhttp://10.13.5.2/tesis/sist114708.pdfzTeclea aquí